Statistiques concernant Dr House

Cliquez ici pour prendre le quiz!

Statistiques générales

  • Ce quiz a été pris 75 fois
    (50 depuis la dernière actualisation)
  • Le résultat moyen est 10 sur 14

Statistiques - réponses

Dr House Answer % Correct
Quel est le prénom du Dr House ?Gregory
96%
Comment s'appelle la directrice de l'hôpital Princeton-Plainsboro ?Lisa Cuddy
89%
De quel instrument de musique le Dr House joue-t-il ?Piano
87%
Combien de saisons la série comporte-t-elle ?8
87%
À quel médicament le Dr House est-il accro ?Vicodin
81%
Quel est la spécialité du Dr Wilson ?Oncologie
72%
Quel diagnostic est le plus souvent avancé par l'équipe du Dr House ?Lupus
72%
Comment House surnomme-t-il la Dr Hadley ?Numéro 13
70%
Dans quelles circontances Amber Volakis, radiologue et petite amie du Dr Wilson, trouve-t-elle la mort ?Dans un accident de bus
68%
Quelle est la spécialité du Dr Foreman ?Neurologie
62%
Dans quel État se situe l'hôpital Princeton-Plainsboro ?New Jersey
53%
De quel personnage David Shore s'est-il inspiré pour créer celui du Dr House ?Sherlock Holmes
45%
Dans la saison 6, lorsque House démissionne, pour quelle activité se passionne-t-il ?Cuisine
43%
Quel groupe musical a composé le générique de la série ?Massive Attack
36%

Distribution des résultats

Percentile by Number Answered

% des personnes avec chaque résultat

Votre développement - résultats

Vous n’avez pas pris ce quiz depuis la dernière actualisation